Interkulturní kompetence jako faktor kulturně kompetentní praxe v sociální práci
Súčasné trendy interkultúrnej kompetencie sociálnych pracovníkov. Kritéria efektívnej interkultúrnej komunikácie a jej využitie v sociálnej práci. Dôležitosť udržiavania sociálnych vzťahov a ich zlepšovanie - potreba spolupráce.
Salvato in:
| Autore principale: | |
|---|---|
| Natura: | Capitolo di libro |
| Lingua: | ceco |
| Soggetti: | |
| Tags: |
Nessun Tag, puoi essere il primo ad aggiungerne!!
|
MARC
| LEADER | 00000naa a2200000 4500 | ||
|---|---|---|---|
| 001 | 0199993 | ||
| 005 | 20221019175529.6 | ||
| 041 | 0 | |a cze | |
| 044 | |a CZ | ||
| 245 | 1 | 0 | |a Interkulturní kompetence jako faktor kulturně kompetentní praxe v sociální práci |c Michaela Lukešová |
| 520 | |a Súčasné trendy interkultúrnej kompetencie sociálnych pracovníkov. Kritéria efektívnej interkultúrnej komunikácie a jej využitie v sociálnej práci. Dôležitosť udržiavania sociálnych vzťahov a ich zlepšovanie - potreba spolupráce. | ||
| 610 | 2 | 0 | |a komunikácia interkultúrna |
| 610 | 2 | 0 | |a komunikácia interpersonálna |
| 610 | 2 | 0 | |a komunikácia sociálna |
| 610 | 2 | 0 | |a rozmanitosť kultúrna |
| 610 | 2 | 0 | |a vzťahy interkultúrne |
| 610 | 2 | 0 | |a práca sociálna |
| 610 | 2 | 0 | |a pracovníci sociálni |
| 100 | 1 | |a Lukešová, Michaela | |